Don Quijote de La Mancha: primera parte
Saved in:
| Hovedforfatter: | |
|---|---|
| Format: | Bog |
| Sprog: | spansk |
| Udgivet: |
Santiago
Random House Mondadori
2005
|
| Serier: | Colección Debolsillo
|
| Fag: | |
| Tags: |
Tilføj Tag
Ingen Tags, Vær først til at tagge denne postø!
|
MARC
| LEADER | 00000nam a2200000 a 4500 | ||
|---|---|---|---|
| 001 | UCJ2266 | ||
| 003 | CL-VaPUC | ||
| 008 | 061201e20050000CL |||||||||||||||||spa|d | ||
| 020 | |a 9568367209v.1 | ||
| 020 | |a 9568367217v.2 | ||
| 082 | 0 | 4 | |a 863 |b CER |2 21 |
| 100 | |a Cervantes y Saavedra, Miguel de |e author |9 267947 | ||
| 245 | 1 | 0 | |a Don Quijote de La Mancha: primera parte |
| 300 | |a v | ||
| 942 | |c BK | ||
| 945 | |d 20061201 00:00:00 |a jtorresc | ||
| 260 | |a Santiago |b Random House Mondadori |c 2005 | ||
| 650 | 0 | |a Novelas españolas |9 265052 | |
| 583 | |a last modification |c 20061201 00:00:00 |k Rodrigo Vera | ||
| 490 | 0 | |a Colección Debolsillo | |
| 999 | |c 318616 |d 318614 | ||
| 952 | |0 0 |1 0 |4 0 |6 863_000000000000000_CER_2005 |7 0 |8 A |9 396556 |a BIBEDU |b BIBEDU |d 2019-11-22 |h v.1 |i 4304012 |o 863 CER 2005 |p 4304012 |r 2019-11-22 |w 2019-11-22 |y BK |k EPE | ||
| 952 | |0 0 |1 0 |4 0 |6 863_000000000000000_CER_2005 |7 0 |8 A |9 396557 |a BIBEDU |b BIBEDU |d 2019-11-22 |h v.2 |i 4304020 |o 863 CER 2005 |p 4304020 |r 2019-11-22 |w 2019-11-22 |y BK |k EPE | ||